000 00690nam a2200289Ia 4500
005 20260324120008.0
008 008 260324s9999 xx 000 0 eng d
020 _a9781003103615
037 _aEBOOK
040 _aCRL
040 _beng
040 _cCRL
041 _2eng
041 _aeng
084 _qCRL
100 _aMike Simmons
_91156812
245 0 _aMaking Photographs
245 0 _bPlanning, Developing and Creating Original Photography
260 _bTaylor and Francis
260 _c2015
365 _a
365 _b195
856 _uhttp://www.taylorfrancis.com/books/9781003103615
942 _cEBOOK
999 _c1748094
_d1748094